Library Banner

Parchaain = پرچھائیں / (Record no. 44655)

MARC details
000 -LEADER
fixed length control field 00579nam a2200193Ia 4500
001 - CONTROL NUMBER
control field 46706
005 - DATE AND TIME OF LATEST TRANSACTION
control field 20250204122453.0
008 - FIXED-LENGTH DATA ELEMENTS--GENERAL INFORMATION
fixed length control field 140429s9999 xx 000 0 und d
020 ## - INTERNATIONAL STANDARD BOOK NUMBER
International Standard Book Number NA
040 ## - CATALOGING SOURCE
Transcribing agency PK-LaUMT
082 ## - DEWEY DECIMAL CLASSIFICATION NUMBER
Classification number RHC 891.4393
Item number JAB-P
100 ## - MAIN ENTRY--PERSONAL NAME
Personal name Jabran Khalil Jabran = جبران خلیل جبران
245 ## - TITLE STATEMENT
Title Parchaain = پرچھائیں /
Statement of responsibility, etc by Jabran Khalil Jabran = جبران خلیل جبران
260 ## - PUBLICATION, DISTRIBUTION, ETC. (IMPRINT)
Place of publication, distribution, etc Lahore,Pakistan:
Name of publisher, distributor, etc Aewan-e-Adab,
Date of publication, distribution, etc 1963
300 ## - PHYSICAL DESCRIPTION
Extent 95 p.
546 ## - LANGUAGE NOTE
Language note UR
650 ## - SUBJECT ADDED ENTRY--TOPICAL TERM
Topical term or geographic name as entry element Pakistani literature-Urdu
942 ## - ADDED ENTRY ELEMENTS (KOHA)
Koha item type Books
Holdings
Withdrawn status Lost status Damaged status Home library Current library Date acquired Full call number Barcode Date last seen Price effective from Koha item type
      UMT Main Campus UMT Main Campus 2014-04-29 RHC 891.4393 JAB-P 55644 2014-05-06 2014-05-06 Books